Entry Personal Name
Number of records used in: 4
001 - CONTROL NUMBER
003 - CONTROL NUMBER IDENTIFIER
005 - DATE AND TIME OF LATEST TRANSACTION
- control field:
20160616112736.0
008 - FIXED-LENGTH DATA ELEMENTS
- fixed length control field:
160616|| aca||aabn | a|a d
040 ## - CATALOGING SOURCE
- Original cataloging agency:
OSt
- Transcribing agency:
OSt
100 ## - HEADING--PERSONAL NAME
- Personal name:
Wilson, Thomas B
670 ## - SOURCE DATA FOUND
- Source citation:
Work cat.: (OSt): Wilson, Thomas B, Innovative Rewards systems for the changing work place, 2004